Gray’s anatomy for students (Record no. 43601)

MARC details
003 - CONTROL NUMBER IDENTIFIER
control field 000
005 - DATE AND TIME OF LATEST TRANSACTION
control field 20250708101733.0
007 - PHYSICAL DESCRIPTION FIXED FIELD--GENERAL INFORMATION
fixed length control field xxv, 1161 p. : ill. ; 28 cm.
020 ## - INTERNATIONAL STANDARD BOOK NUMBER
International Standard Book Number 9780702051326
040 ## - CATALOGING SOURCE
Description conventions rda
100 ## - MAIN ENTRY--PERSONAL NAME
Personal name Drake, Richard L., A. Wayne Vogl & Adam W. M. Mitchell
245 ## - TITLE STATEMENT
Title
260 ## - PUBLICATION, DISTRIBUTION, ETC. (IMPRINT)
Place of publication, distribution, etc Philadelphia
Name of publisher, distributor, etc Elsevier
Date of publication, distribution, etc 2015
264 ## - PUBLICATION, DISTRIBUTION, ETC. (IMPRINT)
Place of publication, distribution, etc Philadelphia
Name of publisher, distributor, etc Elsevier
Date of publication, distribution, etc 2015
300 ## - PHYSICAL DESCRIPTION
Other physical details xxv, 1161 p. : ill. ; 28 cm.
336 ## - CONTENT TYPE
Source rdacontent
338 ## - CARRIER TYPE
Source rdacarrier
504 ## - BIBLIOGRAPHY, ETC. NOTE
Bibliography, etc Includes Index
600 ## - SUBJECT ADDED ENTRY--PERSONAL NAME
Source of heading or term Human anatomy
942 ## - ADDED ENTRY ELEMENTS (KOHA)
Source of classification or shelving scheme Library of Congress Classification
Koha item type Books
Edition 3rd. ed.
Holdings
Withdrawn status Lost status Source of classification or shelving scheme Damaged status Not for loan Permanent Location Current Location Date acquired Inventory number Total Checkouts Full call number Date last seen Price effective from Koha item type
    Library of Congress Classification     Asokoro Library Asokoro Library 07/08/2025 0186999   QM 23.2 .D73/ 07/08/2025 07/08/2025 Books